00515nam a22001457a 4500999001500000003000400015008004100019100001800060245005700078250000900135260002600144650003300170942001200203952015400215 c8964d8964OSt200714b ||||| |||| 00| 0 eng d aRomanes , G.J aManual of Practical Anatomy Thorax and Abdomen Vol-2 a2004 aNYbOxford Uni. Press aHuman Anatomy and Physiology 2ddccBK 00102ddc40708BPaPIETbPIETd2020-02-17eKirti PrakashanfRupeesg475.00kIN6450l0o612 ROMpBP1453r2020-07-14 00:00:00v323.00w2020-02-17yBK